Statistics for Middle East A-Z

Click here to take the quiz!

General Stats

  • This quiz has been taken 40,041 times
  • The average score is 19 of 26

Answer Stats

ClueAnswer% Correct
AMost commonly spoken languageArabic
99%
ICountry also called PersiaIran
95%
UThe U in UAEUnited
95%
DPlace to see the world's tallest buildingDubai
94%
NCairo's riverNile
94%
YOman's neighborYemen
94%
QSmall Gulf stateQatar
92%
OMost important export of
the Middle East
Oil
89%
BCapital of LebanonBeirut
88%
KEthnic minority of Iraq and TurkeyKurds
86%
MMuhammad's hometownMecca
86%
HOfficial language of IsraelHebrew
84%
ERiver parallel to the TigrisEuphrates
78%
RCapital of Saudi ArabiaRiyadh
78%
TCapital of ITehran
76%
PThe 197th country?Palestine
72%
CTerm for an Egyptian ChristianCopt
58%
VModest garment for womenVeil
57%
XGreat king of PersiaXerxes
57%
SLegendary sailor of the seven seasSinbad
55%
JSaudi port on the Red SeaJeddah
52%
FBird beloved by the ultrarichFalcon
49%
LRegion that encompasses
Syria, Jordan, and Lebanon
Levant
47%
ZProphet of a once-popular
Persian religion
Zoroaster
37%
GAnother spelling of DjinnGenie
36%
WWhat some dervishes doWhirl
36%

Score Distribution

Percentile by Number Answered

Percent of People with Each Score

Your Score History

You have not taken this quiz